| 000 | 00476cam a2200181ua 4500 | ||
|---|---|---|---|
| 003 | OSt | ||
| 008 | 250325b |||||||| |||| 00| 0 eng d | ||
| 020 | _a0 07 451906 9 | ||
| 041 | _aeng | ||
| 082 |
_a621.9 _bSET/WO |
||
| 100 |
_aSethi, G S . _91349 |
||
| 245 | _aWorkshop calculation and science / | ||
| 250 | _a1 / | ||
| 260 |
_aNew Delhi : _bTata Mc-Graw Hill Publishing Company , _c1986. |
||
| 300 | _a113 ; . | ||
| 700 | 1 |
_aKuldipkakkar, . _97327 |
|
| 942 | _cBK | ||
| 999 |
_c5557 _d5557 |
||